História do futebol (Registo nº 8452)
[ vista simples ]
| 000 -Etiqueta do registo | |
|---|---|
| Valores | 00520nam a22002051i 4500 |
| 010 ## - Número ISBN | |
| ISBN | 9789729725609 |
| 090 ## - | |
| -- | 8452 |
| 100 ## - Dados gerais de processamento | |
| Dados gerais | 20170304u u u0frey50 ba |
| 101 0# - Língua de publicação | |
| -- | por |
| 200 1# - Titulo e menção de responsabilidade | |
| Primeira menção de responsabilidade | Manuel de Sousa |
| Título próprio | História do futebol |
| Informação de outro título | origens, nomes, números e factos |
| 210 ## - Publicação | |
| Nome do editor | SporPress |
| Data de publicação | 1997 |
| 215 ## - Descrição física | |
| Paginação / Volumes | 319, [3] p. |
| Outras indicações físicas | il. |
| Dimensões | 26 cm |
| 606 ## - Nome comum usado como assunto | |
| ID Autoridade | 1401 |
| Palavra de ordem | Desporto |
| 606 ## - Nome comum usado como assunto | |
| ID Autoridade | 1418 |
| Palavra de ordem | Futebol |
| 675 ## - CDU | |
| Notação | 796(091) |
| 700 #1 - Autor principal (pessoa individual) | |
| Apelido | Sousa |
| Nome | Manuel de |
| -- | 070 |
| 801 ## - Fonte de origem | |
| País | PT |
| Regras de catalogação | RPC |
| 990 ## - Elementos KOHA | |
| Tipo de documento | Livro |
| 994 ## - Estado da catalogação | |
| -- | COMP |
| Situação do levantamento | Estado | Biblioteca de origem | Biblioteca de empréstimo | Código de barras | Cota | Permissão de empréstimo | Tipo de documento | Nota relativa ao exemplar | Localização na Estante |
|---|---|---|---|---|---|---|---|---|---|
| Completo | Biblioteca Municipal de Viana Do Alentejo | Biblioteca Municipal de Viana Do Alentejo | 0012146 | 79 SOU | Disponível | Livro | Em depósito - caixa 61 vnt | ||
| Completo | Biblioteca Municipal de Viana Do Alentejo | Biblioteca Municipal de Viana Do Alentejo Pólo Aguiar | 0020067 | 79 SOU | Disponível | Livro | Cx. 196 vnt | Depósito | |
| Completo | Biblioteca Municipal de Viana Do Alentejo Pólo Alcáçovas | Biblioteca Municipal de Viana Do Alentejo Pólo Alcáçovas | 0001759AL | 79 SOU | Disponível | Livro |